000 00499nam a2200181Ia 4500
005 20250508161644.0
008 008 250505s9999 xx 000 0 eng d
037 _aTextual
040 _aFEDL
_beng
_cFEDL
041 _aeng
_2eng
084 _a821, KAU
_qFEDL
100 _aKaufman William I Co.
_9771119
245 0 _aUnicef book of children's poems
260 _aHarrisburg, USA
_bStackpole Books
_c1970
300 _a96p
942 _cTEXL
_h821, KAU
999 _c1371360
_d1371360